| 000 | 01506cam a2200361 a 4500 | ||
|---|---|---|---|
| 001 | EDZ0000067639 | ||
| 003 | StDuBDS | ||
| 005 | 20161031105208.0 | ||
| 006 | m||||||||d|||||||| | ||
| 007 | cr ||||||||||| | ||
| 008 | 120405s2004 enk fo| 001|0|eng d | ||
| 020 |
_a9781446211502 (ebook) : _cNo price |
||
| 040 |
_aStDuBDS _beng _cStDuBDS _epn |
||
| 049 | _aAlfaisal Main Library | ||
| 050 | 0 |
_aLB2806 _b.B599 2004 |
|
| 082 | 0 | 4 |
_a371.2011 _223 |
| 100 | 1 | _aBottery, Mike. | |
| 245 | 1 | 4 |
_aThe challenges of educational leadership _h[electronic resource] : _bvalues in a globalized age / _cMike Bottery. |
| 260 |
_aLondon : _bPaul Chapman, _c2004. |
||
| 300 | _a1 online resource (x, 228 p.). | ||
| 490 | 1 | _aLeading teachers, leading schools | |
| 504 | _aIncludes bibliographical references and index. | ||
| 520 | 8 | _aThe author presents critical issues about the purposes of educational leadership. He examines how 'official' concepts of leadership are driven by demands which are not always to the educational, political, or social benefit of practitioners. | |
| 521 | _aSpecialized. | ||
| 588 | _aDescription based on print version record. | ||
| 650 | 0 | _aEducational leadership. | |
| 655 | 7 |
_aElectronic books. _2local |
|
| 710 | 2 | _aSage eBooks | |
| 776 | 0 | 8 |
_iPrint version : _z9781412900812 |
| 830 | 0 | _aLeading teachers, leading schools. | |
| 856 | 4 | 0 | _uhttp://ezproxy.alfaisal.edu/login?url=http://sk.sagepub.com/books/the-challenges-of-educational-leadership |
| 942 |
_2lcc _cEBOOKS |
||
| 999 |
_c481455 _d481455 |
||